000 00829nam a2200241 i 4500
001 169117
003 ES-MaACL
005 20230906214012.0
008 080819s2007 sp |||| | spa d
020 _a978-84-975652-1-9
080 _a338.1(460)"19"
100 1 _aParejo Barranco, Antonio.
_9138187
245 1 3 _aLa modernización de España (1914-1939)
_b: economía /
_cAntonio Parejo Barranco, Andrés Sánchez Picón.
260 _aMadrid :
_bSíntesis,
_c2007.
300 _a331 p. ;
_c22 cm.
490 1 _aHistoria de España, 3er. milenio ;
_v29
504 _aBibliografía.
651 4 _aEspaña-
_xSituación económica-
_yS.XX.
_98505
700 1 _aSánchez Picón, Andrés.
_9138188
830 0 _aHistoria de España, 3er. milenio ;
_v29
_9188844
852 _aES-MaACL
_jL-29530
999 _c169117
_d169117